Anything but Belgium Quiz Stats

 Plays Quiz Updated Sep 8, 2018

Challenge
Share
Tweet
Embed
Score 0/28 Timer 06:00
3 Plays Today
Hint Answer % Correct
End with 'M'United Kingdom
96.2%
Border the North SeaUnited Kingdom
96.2%
European Union founding countriesFrance
95.7%
Hosted UEFA Euro in 2000-2016France
95.7%
Border the North SeaFrance
95.7%
European Union founding countriesGermany
95.5%
Border the North SeaGermany
94.5%
European Union founding countriesNetherlands
92.9%
Hosted UEFA Euro in 2000-2016Netherlands
92.9%
Border the North SeaDenmark
91.1%
EU countries smaller than 40,000 km²Luxembourg
90.6%
European Union founding countriesLuxembourg
90.6%
European Union founding countriesItaly
90%
Border the North SeaNorway
84.7%
Hint Answer % Correct
Border the North SeaNetherlands
83.2%
Hosted UEFA Euro in 2000-2016Portugal
82%
Hosted UEFA Euro in 2000-2016Poland
79.5%
Hosted UEFA Euro in 2000-2016Austria
74%
Hosted UEFA Euro in 2000-2016Switzerland
72.5%
EU countries smaller than 40,000 km²Malta
68.7%
Capital starts with 'BR'Slovakia
68.2%
Hosted UEFA Euro in 2000-2016Ukraine
62.2%
Capital starts with 'BR'Brazil
61.6%
EU countries smaller than 40,000 km²Slovenia
61%
EU countries smaller than 40,000 km²Cyprus
60.6%
End with 'M'Vietnam
30.9%
Capital starts with 'BR'Republic of Congo
29.2%
Capital starts with 'BR'Barbados
19.4%

You're not logged in!

Compare scores with friends on all Sporcle quizzes.
Join for Free
OR
Log In

You Might Also Like...

Show Comments

Extras

Top Quizzes Today


Score Distribution

Your Account Isn't Verified!

In order to create a playlist on Sporcle, you need to verify the email address you used during registration. Go to your Sporcle Settings to finish the process.

Report this User

Report this user for behavior that violates our Community Guidelines.

Details: